000 00364nam a2200121Ia 4500
005 20210429153909.0
008 210429s9999 xx 000 0 und d
082 _a661 H4121F
100 _aAneela Hayder
_955058
245 _aFabrication and Characterization of Polymeric Membranes for Hemodialysis with CD (MS-CHE-2016)
300 _a55p.29cm.
942 _2ddc
_cTH
999 _c561069
_d561069